Modern short stories

Bibliographic Details
Main Author: Martin, Alex
Format: Book
Published: London : Cassell , 1991
Subjects:

MARC

LEADER 00000cam a2200000 7i4500
001 0000005303
002 000005728
005 20000330.0
020 |a 0304330051 
090 0 0 |a F   |b MAR 
100 1 |a Martin, Alex 
245 1 0 |a Modern short stories   |c Alex Martin and Robert Hill 
260 |a London :   |b Cassell ,   |c 1991 
300 |a 160p. ;   |c 22cm. 
650 0 0 |a Short stories 
999 |a 037715   |b BUKU   |c PINJAMAN   |e PERPUSTAKAAN KOMUNITI PETALING JAYA